| 000 | 00736nam a2200193Ia 4500 | ||
|---|---|---|---|
| 008 | 0000001979 usa 0000000000eng00 | ||
| 090 | _aPUS00 C17j | ||
| 100 | 1 |
_aCarsman, Jon _d1944 |
|
| 245 | 1 | 0 |
_aJon Carsman _b: paintings & watercolors |
| 300 |
_a[58] p. _c/ 26 cm. |
||
| 500 | _aExposición realizada en Andrew Crispo Gallery, New York, Febrero, 1979 \ Con el patronazgo del maestro venezolano Jesús Rafael Soto (q.e.p.d.) | ||
| 600 | 0 | 0 |
_aCARSMAN, JON, 1944/ _xTRABAJOS PICTORICOS |
| 650 | 1 | 4 | _aARTE CONTEMPORANEO ESTADOUNIDENSE |
| 650 | 1 | 4 | _xCATALOGOS |
| 650 | 1 | 4 | _xEXPOSICIONES |
| 650 | 1 | 4 | _aPINTORES ESTADOUNIDENSES |
| 650 | 1 | 4 | _aPINTURA ESTADOUNIDENSE |
| 999 |
_c7058 _d7058 |
||
| 260 |
_aNew York : Andrew Crispo Gallery _c1979 |
||